000
00244nmm a2200085Ia 4500
008
220120s9999||||xx |||||||||||||||||und||
100
_a
Digit
245
0
_a
SKOAR; the first digital edition of skoar, an interactive ,
260
_a
Nine dot Nine
_c
2013
999
_c
139846
_d
139846